Jules Verne Bibliography Quiz Stats

Quiz not verified by Sporcle

Also try: Leo Tolstoy Novels
Challenge
Share
Tweet
Embed
Score 0/57 Timer 20:00
0 Plays Today
Main Character(s) Writing Piece % Correct
Phileas FoggAround the World in 80 Days
81.6%
Professor Pierre Aronnax, Conseil, Ned Land, and Captain Nemo20,000 Leagues Under the Sea
79.6%
Professor LidenbrockJourney to the Center of the Earth
73.5%
Captain Cyrus Smith, Gideon, Spilett, Pencroff, and Harbert(Herbert)The Mysterious Island
53.1%
BarbicaneFrom the Earth to the Moon
49%
Michael StrogoffMichael Strogoff
40.8%
Dr. Samuel FergusonFive Weeks in a Balloon
38.8%
Barbicane (Sequel to book in row 4)Round the Moon
32.7%
Captain Harry GrantThe Children of Captain Grant
28.6%
Dick SandsA Captain at Fifteen
20.4%
John StrockMaster of the World
20.4%
Hector Servadac, and Ben ZoofHector Servadac
18.4%
Dr. AntekerttMathias Sandorf
18.4%
Uncle Prudent and Phil EvansRobur the Conqueror
18.4%
Cesar CascabelCesar Cascabel
16.3%
Multiple Characters including Jean Cornbutte and Doctor Ox (Collection of Short Stories)Doctor Ox
14.3%
Simon FordBlack Indies
14.3%
Michel DufrenoyParis in the 20th Century
12.2%
Kin-FoThe Tribulations of a Chinaman in China
12.2%
Nana Sahib, Banks, Colonel Munro, Captain Hood,and MauclerThe Steam House
12.2%
Hulda HansenThe Lottery Ticket
12.2%
Dolly BranicanMrs. Branican
12.2%
Count Franz de TelekThe Carpathian Castle
12.2%
Claudius BombarnacClaudius Bombarnac
12.2%
Karl Kip and Pieter KipThe Brothers Kip
12.2%
J.R. KazallonThe Chancellor
10.2%
Unnamed young girlThe Green Ray
10.2%
Victor CyprienThe Star of the South
10.2%
16 School BoysTwo Years Holiday
10.2%
Main Character(s) Writing Piece % Correct
J.T. Maston, Impy Barbicane, and Captain NichollTopsy-Turvy
10.2%
Sebastian Zorn, Frascolin, Yvernes, and PinchinatPropeller Island
10.2%
Captain John Hatteras, Richard Shandon, and Dr. ClawbonnyThe Voyages and Adventures of Captain Hatteras
8.2%
Lt. Jasper HobsonThe Fur Country
8.2%
Dr. Francois Sarrasin and Professor SchultzThe 500 Millions of Begum
8.2%
Joam GarralThe Jangada
8.2%
James BurbankNorth Against South
8.2%
Two Sons of an Infamous French Canadien TraitorFamily Without a Name
8.2%
Captain Len GuyThe Sphinx of the Ice Fields
8.2%
M. Miguel, M. Felipe, M. VarinasThe Mighty Orinoco
8.2%
William J. HypperboneThe Will of an Eccentric
8.2%
Captain BourcartThe Stories of Jean-Marie Cabidoulin
8.2%
Unnamed WomanA Floating City
6.1%
Mick and DickFoundling Mick
6.1%
Thomas RochFor the Flag
6.1%
Jean Taconnat and Marcel LaurnansClovis Dardentor
6.1%
The Zermatt Family and the Wolston FamilySecond Fatherland
6.1%
Members of a colony in the CongoThe Aerial Village
6.1%
Wladimir YanoJohn StrockA Drama in Livonia
6.1%
Colonel Everest, Sir John Murray, and William EmeryThe Adventures of Three Englishmen and Three Russians in Southern Africa
4.1%
Godfrey MorganThe School of Robinsons
4.1%
Jan Van Mitten and BrunoKeraban the Inflexible
4.1%
Nicholas StarkosThe Archipelago on Fire
4.1%
Dr. Schwaryencrona and ErikSalvage from the Cynthia
4.1%
Natalis DelpierreThe Road to France
4.1%
Captain AntiferThe Wonderful Adventures of Captain Antifer
4.1%
A Group of SchoolboysTraveling Scholarships
4.1%
Captain HardiganThe Invasion of the Sea
4.1%

You're not logged in!

Compare scores with friends on all Sporcle quizzes.
Sign Up with Email
OR
Log In

You Might Also Like...

Show Comments

Extras

Top Quizzes Today


Score Distribution

Your Account Isn't Verified!

In order to create a playlist on Sporcle, you need to verify the email address you used during registration. Go to your Sporcle Settings to finish the process.